000 00350 a2200157 4500
001 178517
020 _a
040 _cMagnum
100 _aRosa, Santa Schilaro Nereide
240 1 0 _aLendas e personagens
_lpor
245 1 0 _aLendas e personagens
362 0 _a1899
440 1 _aModerna
697 _aMAGNITO: IJ/LENDAS, FOLCLORE
942 _cBK
999 _c178517
_d178517